| 000 | 00634nam a2200217 a 4500 | ||
|---|---|---|---|
| 005 | 20240504063742.0 | ||
| 008 | 030331s1994 mx r 000 0 spa d | ||
| 020 | _a8477381267 | ||
| 035 | _aUPN01000123479 | ||
| 049 | _aCG | ||
| 050 | 4 |
_aQ175 _bS4.4 |
|
| 100 | 1 | _aSellés, Manuel A. | |
| 245 | 1 | 3 |
_aLa revolucion científica / _cManuel A. Sellés, Carlos Solís. |
| 260 |
_aMadrid : _bSíntesis, _c1994. |
||
| 300 |
_a212 p. : _bil., gráfs. |
||
| 440 | 0 |
_aHistoria universal moderna ; _v15 |
|
| 650 | 4 |
_aCiencia _xHistoria _94695 |
|
| 650 | 4 |
_aTECNOLOGIA - _xHISTORIA _99785 |
|
| 700 | 1 |
_aSolís, Carlos, _ecoaut. |
|
| 905 | _aLibro | ||
| 999 |
_c95659 _d95659 |
||